Principles of microeconomics / (Record no. 1608)
[ view plain ]
| 000 -LEADER | |
|---|---|
| fixed length control field | nam a22 7a 4500 |
| 005 - DATE AND TIME OF LATEST TRANSACTION | |
| control field | 20170511102552.0 |
| 008 - FIXED-LENGTH DATA ELEMENTS--GENERAL INFORMATION | |
| fixed length control field | 170511b1986 ohu||||| |||| 00| 0 eng d |
| 020 ## - INTERNATIONAL STANDARD BOOK NUMBER | |
| International Standard Book Number | 0538086815 |
| 040 ## - CATALOGING SOURCE | |
| Original cataloging agency | AKMAL |
| 082 ## - DEWEY DECIMAL CLASSIFICATION NUMBER | |
| Classification number | 330 AMA |
| 090 ## - LOCALLY ASSIGNED LC-TYPE CALL NUMBER (OCLC); LOCAL CALL NUMBER (RLIN) | |
| Classification number (OCLC) (R) ; Classification number, CALL (RLIN) (NR) | 330 |
| Local cutter number (OCLC) ; Book number/undivided call number, CALL (RLIN) | AMA |
| 100 1# - MAIN ENTRY--PERSONAL NAME | |
| Personal name | Amacher, Ryan C |
| 9 (RLIN) | 3266 |
| 245 10 - TITLE STATEMENT | |
| Title | Principles of microeconomics / |
| Statement of responsibility, etc. | Ryan C. Amacher, Holley H. Ulbrich. |
| 250 ## - EDITION STATEMENT | |
| Edition statement | 3rd ed. |
| 260 ## - PUBLICATION, DISTRIBUTION, ETC. | |
| Place of publication, distribution, etc. | Cincinnati : |
| Name of publisher, distributor, etc. | South-Western Pub. Co., |
| Date of publication, distribution, etc. | c1986 |
| 300 ## - PHYSICAL DESCRIPTION | |
| Extent | xiii, 606 p. : |
| Other physical details | ill. (some col.) ; |
| Dimensions | 26cm |
| 500 ## - GENERAL NOTE | |
| General note | Includes index. |
| 650 #0 - SUBJECT ADDED ENTRY--TOPICAL TERM | |
| Topical term or geographic name entry element | Microeconomics |
| 9 (RLIN) | 3267 |
| 700 1# - ADDED ENTRY--PERSONAL NAME | |
| Personal name | Ulbrich, Holley H. |
| 9 (RLIN) | 3268 |
| 942 ## - ADDED ENTRY ELEMENTS (KOHA) | |
| Source of classification or shelving scheme | |
| Koha item type | Book |
| Withdrawn status | Lost status | Source of classification or shelving scheme | Damaged status | Not for loan | Collection code | Home library | Current library | Shelving location | Date acquired | Inventory number | Total Checkouts | Full call number | Barcode | Date last seen | Price effective from | Koha item type |
|---|---|---|---|---|---|---|---|---|---|---|---|---|---|---|---|---|
| NON-FICTION | AKMAL Melaka | AKMAL Melaka | PINJAMAN | 11.05.2017 | 300720 | 330 AMA | 201702985 | 11.05.2017 | 11.05.2017 | Book |
